| 000 | 01461nam a2200313 i 4500 | ||
|---|---|---|---|
| 001 | 000048610 | ||
| 003 | DO-SdBNP | ||
| 005 | 20260330110723.0 | ||
| 007 | ta | ||
| 008 | 190403s2017 dr acd 000 m spa d | ||
| 020 | _a9789945167900 | ||
| 040 |
_aDO-SdBNP _bspa _cBNPHU _erda |
||
| 041 | _aspa | ||
| 082 |
_axxxx _bG934s _222 |
||
| 100 | 1 |
_aGuerrero, Daniel _eautor _952897 |
|
| 245 | 1 | 3 |
_aLa sombra del libre comercio : _bcambios dentro de la economía mundial / _cDaniel Guerrero ; prólogo Jaime Estay. |
| 264 |
_aSanto Domingo : _bBúho, _c2017. |
||
| 300 |
_a338 páginas : _bilustraciones, retratos, gráficos ; _c23 cm. |
||
| 336 |
_ardacontent _btexto _2txt |
||
| 337 |
_ardamedia _bsin mediación _2n |
||
| 338 |
_ardacarrier _bvolumen _2nc |
||
| 500 | _aIncluye referencias bibliográficas y notas al pie de las páginas | ||
| 500 | _aIncluye datos biográficos del autor en las solapas | ||
| 505 | 0 |
_aDedicatoria -- _tPrólogo -- _tIntroducción _gCapítulo 1 _tPor la ruta del libre comercio -- _gCapítulo 2 _tImpacto de las asimetrías económicas -- _gCapítulo 3 _tObstáculos al comercio internacional -- _gCapítulo 4 _tEpílogo: ¿ Adiós a los mega-acuerdos comerciales -- _tAnexos _tAnexos I: Bases programáticas de Donald Trump -- _tAnexos II: Organigrama de la OMC _tAnexos III: Fragmento de documento de la CEPAL-- |
|
| 590 | _aInventariado, 2019/LP | ||
| 700 | 1 |
_aEstay, Jaime, _eprologuita _976065 _4pr. |
|
| 910 | _aLP | ||
| 942 |
_2ddc _cLBS1 |
||
| 999 |
_c48098 _d48098 |
||